000 00865nam a2200253Ia 4500
003 Ost
005 20260507075045.0
008 260507s9999||||xx |||||||||||||| ||und||
040 _cfsecg
041 _aara
082 _a330
100 _aدراز، حامد عبد المجيد
_eمؤلف
245 0 _aمبادئ المالية العامة /
_c حامد عبد المجيد دراز
260 _aالإسكندرية:
_bالدار الجامعية,
_c2002
300 _a399 صفحة؛
_bإيضاحات ؛
_c24 سم
520 _aالضرائب،النفقات العامة
653 _aالايرادات
653 _aالضرائب
653 _aالمالية العامة
653 _aالنفقات
653 _aالنفقات العامة
700 _aعبد العزيز، عتمان سعيد
_eمؤلف ثانوي
942 _cكتاب
999 _c42558
_d42558